[Event "Titled Tuesday intern op 11th Feb Early"]
[Site "Chess.com INT"]
[Date "2025.02.11"]
[Round "7"]
[White "Jegorovas, Aleksandras"]
[Black "Do Carmo, Gabriel Carckeno"]
[Result "0-1"]
[WhiteElo "2270"]
[BlackElo "2008"]
[PlyCount "72"]
[EventDate "2025.02.11"]
[EventType "swiss (blitz)"]
[EventRounds "11"]
[EventCountry "USA"]
[SourceTitle "CB08_2025"]
[SourceDate "2025.02.19"]
[SourceVersion "1"]
[SourceVersionDate "2025.02.19"]
[SourceQuality "1"]

1. d4 d5 2. Nf3 e6 3. Bf4 c5 4. e3 Nf6 5. Nbd2 Nc6 6. c3 Qb6 7. Rb1 cxd4 8. exd4 Nh5 9. Be3 Be7 10. Bd3 Nf6 11. 0-0 h6 12. Ne5 Qc7 13. f4 a6 14. Qf3 Bd6 15. g4 Ne7 16. g5 Nd7 17. g6 f6 18. Nf7 0-0 19. Qh5 f5 20. Nf3 Nf6 21. Nxh6+ gxh6 22. Qxh6 Nc6 23. Ne5 Qg7 24. Qg5 Ne7 25. Rf3 Bxe5 26. fxe5 Ng4 27. Rg3 Nxe3 28. Qxe3 f4 29. Qe1 fxg3 30. Qxg3 Nf5 31. Qg5 Bd7 32. h4 Bb5 33. Bc2 Be8 34. h5 Qh6 35. Qg4 Ne3 36. Qxe6+ Kh8 0-1

[Event "Titled Tuesday intern op 11th Feb Early"]
[Site "Chess.com INT"]
[Date "2025.02.11"]
[Round "11"]
[White "Jegorovas, Aleksandras"]
[Black "Kiseleva, Arina"]
[Result "1-0"]
[WhiteElo "2270"]
[BlackElo "1955"]
[PlyCount "65"]
[EventDate "2025.02.11"]
[EventType "swiss (blitz)"]
[EventRounds "11"]
[EventCountry "USA"]
[SourceTitle "CB08_2025"]
[SourceDate "2025.02.19"]
[SourceVersion "1"]
[SourceVersionDate "2025.02.19"]
[SourceQuality "1"]

1. d4 Nf6 2. c4 e6 3. Nf3 Bb4+ 4. Nbd2 0-0 5. a3 Bxd2+ 6. Nxd2 b6 7. e4 d6 8. Be2 e5 9. d5 a5 10. b3 Na6 11. 0-0 Nc5 12. Qc2 Ne8 13. Bb2 f5 14. f4 Nxe4 15. Nxe4 fxe4 16. fxe5 Bf5 17. e6 Qh4 18. g3 Qh3 19. Rf4 g5 20. Qc3 Rf6 21. Bf1 Qh6 22. Rxf5 e3 23. Rxf6 Nxf6 24. Qxf6 Qxf6 25. Bxf6 Rf8 26. Bxg5 Kg7 27. Bxe3 Kf6 28. Bd4+ Kf5 29. Bd3+ Kg4 30. Rf1 Re8 31. Rf4+ Kh5 32. Rh4+ Kg5 33. Rxh7 1-0

[Event "Titled Tuesday intern op 11th Feb Early"]
[Site "Chess.com INT"]
[Date "2025.02.11"]
[Round "1"]
[White "Toman, Ondrej"]
[Black "Jegorovas, Aleksandras"]
[Result "0-1"]
[WhiteElo "2274"]
[BlackElo "2270"]
[PlyCount "139"]
[EventDate "2025.02.11"]
[EventType "swiss (blitz)"]
[EventRounds "11"]
[EventCountry "USA"]
[SourceTitle "CB09_2025"]
[SourceDate "2025.02.27"]
[SourceVersion "1"]
[SourceVersionDate "2025.02.27"]
[SourceQuality "1"]

1. d4 d5 2. c4 e6 3. Nc3 c5 4. cxd5 cxd4 5. Qa4+ Bd7 6. Qxd4 exd5 7. Nf3 Nc6 8. Qxd5 Nf6 9. Qd1 Bc5 10. e3 0-0 11. a3 Qe7 12. Be2 Rad8 13. Qc2 Ne5 14. 0-0 Bc6 15. Qf5 Nxf3+ 16. Bxf3 g6 17. Qh3 Ne4 18. Nxe4 Bxe4 19. b4 Bb6 20. Bxe4 Qxe4 21. Bb2 Rd2 22. Bc3 Rc2 23. Bf6 Qe6 24. Qxe6 fxe6 25. Be5 Rf5 26. Bg3 Rd5 27. a4 Rdd2 28. Rad1 Kf7 29. h3 Ke7 30. a5 Bxe3 31. Rxd2 Bxd2 32. Kh2 Bxb4 33. Rb1 Rc4 34. Be5 b6 35. a6 Bd6 36. Bxd6+ Kxd6 37. Rd1+ Ke7 38. Ra1 b5 39. Ra5 Rb4 40. Kg3 Rb1 41. f3 Kd6 42. Ra2 b4 43. Rd2+ Kc6 44. Re2 b3 45. Rxe6+ Kb5 46. Re7 Kxa6 47. Rxh7 b2 48. Rg7 Rc1 49. Rxg6+ Ka5 50. Rg5+ Ka4 51. Rg7 b1Q 52. Rxa7+ Kb5 53. Rb7+ Kc6 54. Rxb1 Rxb1 55. Kf4 Kd6 56. g4 Ke6 57. h4 Kf6 58. h5 Rb4+ 59. Kg3 Kg5 60. Kh3 Rb3 61. Kg3 Rc3 62. Kg2 Kf4 63. Kh3 Rxf3+ 64. Kh4 Rf1 65. Kh3 Rh1+ 66. Kg2 Rh4 67. Kf2 Rxg4 68. h6 Rh4 69. Kg2 Rxh6 70. Kf2 0-1

[Event "Titled Tuesday intern op 21st Jan Late"]
[Site "Chess.com INT"]
[Date "2025.01.21"]
[Round "8"]
[White "Solovjov, Alexandr"]
[Black "Jegorovas, Aleksandras"]
[Result "0-1"]
[WhiteElo "2237"]
[BlackElo "2270"]
[PlyCount "84"]
[EventDate "2025.01.21"]
[EventType "swiss (blitz)"]
[EventRounds "11"]
[EventCountry "USA"]
[SourceTitle "CB05_2025"]
[SourceDate "2025.01.29"]
[SourceVersion "1"]
[SourceVersionDate "2025.01.29"]
[SourceQuality "1"]

1. d4 Nf6 2. c4 e6 3. Nf3 h6 4. g3 d5 5. Qc2 Bb4+ 6. Nbd2 0-0 7. Bg2 b6 8. 0-0 Bb7 9. Ne5 Nfd7 10. cxd5 Nxe5 11. dxe5 Bxd5 12. e4 Bb7 13. Nb3 Be7 14. Rd1 Qc8 15. Nd4 a6 16. Be3 c5 17. Ne2 Nc6 18. f4 Nb4 19. Qc3 Rd8 20. a3 Nc6 21. Rf1 Qc7 22. Rac1 Rd7 23. Rfd1 Rad8 24. Qc2 Rxd1+ 25. Rxd1 Rxd1+ 26. Qxd1 Qd8 27. Qxd8+ Bxd8 28. Nc3 Nd4 29. Kf2 b5 30. Bxd4 cxd4 31. Na2 Bb6 32. Ke2 d3+ 33. Kxd3 Bg1 34. Ke2 Bxh2 35. Kf2 h5 36. Nc3 h4 37. Ne2 hxg3+ 38. Nxg3 f6 39. exf6 gxf6 40. Ne2 e5 41. fxe5 Bxe5 42. Bf3 Bxb2 0-1

[Event "Titled Tuesday intern op 14th Jan Early"]
[Site "Chess.com INT"]
[Date "2025.01.14"]
[Round "9"]
[White "Jegorovas, Aleksandras"]
[Black "Adu, Oladapo"]
[Result "0-1"]
[WhiteElo "2270"]
[BlackElo "2060"]
[PlyCount "78"]
[EventDate "2025.01.14"]
[EventType "swiss (blitz)"]
[EventRounds "11"]
[EventCountry "USA"]
[SourceTitle "CB04_2025"]
[SourceDate "2025.01.22"]
[SourceVersion "1"]
[SourceVersionDate "2025.01.22"]
[SourceQuality "1"]

1. d4 d5 2. Bf4 c5 3. e3 cxd4 4. exd4 Nc6 5. Nf3 Nf6 6. Nbd2 Bg4 7. c3 e6 8. Qb3 Qb6 9. Bd3 Be7 10. 0-0 0-0 11. h3 Bh5 12. Qc2 Rfc8 13. a3 a5 14. Rae1 a4 15. Qb1 Na5 16. Ne5 Nc6 17. Ndf3 Rd8 18. Ng5 h6 19. Ngf3 Bxf3 20. Nxf3 Na5 21. Ne5 Rac8 22. g4 Nc4 23. Re2 Bd6 24. Bg3 Qc7 25. f4 b5 26. g5 Nh5 27. Bh2 hxg5 28. fxg5 Nxe5 29. dxe5 Bc5+ 30. Kh1 g6 31. Bxg6 fxg6 32. Qxg6+ Ng7 33. Rf6 d4 34. Ref2 Rf8 35. R2f3 Qc6 36. h4 d3 37. Qxd3 Nf5 38. h5 Rcd8 39. Qc2 Qxf3+ 0-1

[Event "Titled Tuesday intern op 14th Jan Early"]
[Site "Chess.com INT"]
[Date "2025.01.14"]
[Round "11"]
[White "Jegorovas, Aleksandras"]
[Black "Janaszak, Dawid"]
[Result "0-1"]
[WhiteElo "2270"]
[BlackElo "2306"]
[PlyCount "64"]
[EventDate "2025.01.14"]
[EventType "swiss (blitz)"]
[EventRounds "11"]
[EventCountry "USA"]
[SourceTitle "CB04_2025"]
[SourceDate "2025.01.22"]
[SourceVersion "1"]
[SourceVersionDate "2025.01.22"]
[SourceQuality "1"]

1. d4 Nf6 2. c4 c5 3. d5 b5 4. cxb5 a6 5. e3 d6 6. Nc3 g6 7. Nf3 Bg7 8. a4 axb5 9. Bxb5+ Nbd7 10. e4 0-0 11. 0-0 Ba6 12. Bd2 Bxb5 13. axb5 Qb6 14. Qe2 Ng4 15. h3 Nge5 16. Nxe5 Nxe5 17. f4 Nd7 18. Kh1 h5 19. Ra3 Rab8 20. Rb3 Ra8 21. Ra3 h4 22. Rfa1 Rab8 23. Ra6 Qd8 24. Qg4 c4 25. Qxh4 Nc5 26. Ra7 Nb3 27. Rd1 Qb6 28. Qxe7 Qf2 29. Be1 Qxf4 30. Ne2 Qf1+ 31. Ng1 Bd4 32. Bg3 Qxd1 0-1

[Event "Titled Tuesday intern op 14th Jan Early"]
[Site "Chess.com INT"]
[Date "2025.01.14"]
[Round "1"]
[White "Karamsetty, Jeevan"]
[Black "Jegorovas, Aleksandras"]
[Result "1-0"]
[WhiteElo "2244"]
[BlackElo "2270"]
[PlyCount "41"]
[EventDate "2025.01.14"]
[EventType "swiss (blitz)"]
[EventRounds "11"]
[EventCountry "USA"]
[SourceTitle "CB04_2025"]
[SourceDate "2025.01.22"]
[SourceVersion "1"]
[SourceVersionDate "2025.01.22"]
[SourceQuality "1"]

1. e4 e6 2. d4 d5 3. exd5 exd5 4. h3 c5 5. Nf3 Nc6 6. Bd3 Nf6 7. 0-0 c4 8. Re1+ Be7 9. Bf1 0-0 10. b3 cxb3 11. axb3 Bd6 12. c4 Bf5 13. c5 Bc7 14. Nc3 a6 15. Bg5 Be6 16. Qd2 h6 17. Bh4 g5 18. Nxg5 hxg5 19. Qxg5+ Kh7 20. Bd3+ Kh8 21. Qh6+ 1-0

[Event "Titled Tuesday intern op 14th Jan Early"]
[Site "Chess.com INT"]
[Date "2025.01.14"]
[Round "10"]
[White "Landivar, Matias"]
[Black "Jegorovas, Aleksandras"]
[Result "0-1"]
[WhiteElo "2014"]
[BlackElo "2270"]
[PlyCount "112"]
[EventDate "2025.01.14"]
[EventType "swiss (blitz)"]
[EventRounds "11"]
[EventCountry "USA"]
[SourceTitle "CB04_2025"]
[SourceDate "2025.01.22"]
[SourceVersion "1"]
[SourceVersionDate "2025.01.22"]
[SourceQuality "1"]

1. d4 Nf6 2. Nf3 e6 3. Bg5 Be7 4. Nbd2 c5 5. e3 b6 6. Bd3 Bb7 7. 0-0 0-0 8. c3 d6 9. a4 a6 10. Qb1 Nbd7 11. Re1 h6 12. Bh4 Nh5 13. Bxe7 Qxe7 14. Bh7+ Kh8 15. Be4 Bxe4 16. Qxe4 Nhf6 17. Qh4 d5 18. e4 dxe4 19. Nxe4 Rfe8 20. dxc5 Nxc5 21. Nxf6 Qxf6 22. Qxf6 gxf6 23. Red1 Red8 24. Rxd8+ Rxd8 25. Kf1 Nb3 26. Ra3 Nd2+ 27. Nxd2 Rxd2 28. Rb3 Rd6 29. Ke2 f5 30. f4 Kg7 31. Ke3 f6 32. h4 e5 33. h5 e4 34. c4 Kf7 35. a5 bxa5 36. c5 Rc6 37. Kd4 Rc8 38. Kd5 Rd8+ 39. Kc6 Ke6 40. Kc7 Rd3 41. Rb6+ Kd5 42. Rxf6 Kxc5 43. Rxf5+ Kd4 44. Re5 Rg3 45. Kb6 Rxg2 46. Kxa5 Rxb2 47. Kxa6 e3 48. Re6 e2 49. f5 Kd3 50. f6 Rb1 51. f7 Rf1 52. Re7 Rxf7 53. Rxf7 e1Q 54. Rd7+ Kc4 55. Rc7+ Kd5 56. Rd7+ Kc6 0-1

[Event "Titled Tuesday intern op 26th Nov Late"]
[Site "Chess.com INT"]
[Date "2024.11.26"]
[Round "9"]
[White "Archer, Ollie"]
[Black "Jegorovas, Aleksandras"]
[Result "0-1"]
[WhiteElo "1960"]
[BlackElo "2270"]
[PlyCount "94"]
[EventDate "2024.11.26"]
[EventType "swiss (blitz)"]
[EventRounds "11"]
[EventCountry "USA"]
[SourceTitle "CB49_2024"]
[SourceDate "2024.12.04"]
[SourceVersion "1"]
[SourceVersionDate "2024.12.04"]
[SourceQuality "1"]

1. e4 e6 2. d4 d5 3. Nc3 Bb4 4. e5 c5 5. Bd2 Nh6 6. a3 Bxc3 7. Bxc3 cxd4 8. Bxd4 Nc6 9. c3 Nxd4 10. cxd4 0-0 11. Nf3 f6 12. exf6 Qxf6 13. Be2 Nf5 14. 0-0 Bd7 15. Ne5 Be8 16. Rc1 Bg6 17. Rc7 Qh4 18. Nf3 Qf4 19. Rxb7 Bh5 20. Rb4 Rab8 21. Ne1 Bxe2 22. Qxe2 Rxb4 23. Nd3 Nxd4 24. Qe1 Nf3+ 25. gxf3 Qg5+ 26. Kh1 Rb6 27. Rg1 Qf6 28. f4 Rb3 29. Nc5 Rxb2 30. Qxe6+ Qxe6 31. Nxe6 Rf7 32. Rc1 Rb8 33. Rc5 Re7 34. f5 g6 35. Rxd5 gxf5 36. Nf4 Rf7 37. Kg2 Rb3 38. a4 Rb4 39. Ne6 Re7 40. Rd8+ Kf7 41. Ng5+ Kf6 42. Rg8 Rg7 43. Rxg7 Kxg7 44. Ne6+ Kf6 45. Nc7 Rxa4 46. Kg3 Rg4+ 47. Kf3 a5 0-1

[Event "Titled Tuesday intern op 26th Nov Late"]
[Site "Chess.com INT"]
[Date "2024.11.26"]
[Round "4"]
[White "Jegorovas, Aleksandras"]
[Black "Mora Velasco, Alma Jaqueline"]
[Result "1-0"]
[WhiteElo "2270"]
[BlackElo "1884"]
[PlyCount "69"]
[EventDate "2024.11.26"]
[EventType "swiss (blitz)"]
[EventRounds "11"]
[EventCountry "USA"]
[SourceTitle "CB49_2024"]
[SourceDate "2024.12.04"]
[SourceVersion "1"]
[SourceVersionDate "2024.12.04"]
[SourceQuality "1"]

1. d4 Nf6 2. c4 e6 3. Nf3 b6 4. e3 Bb7 5. Bd3 Be7 6. Nc3 0-0 7. d5 exd5 8. cxd5 d6 9. 0-0 Nbd7 10. e4 Nc5 11. Bc2 a5 12. Re1 Re8 13. Nd4 Bf8 14. Qf3 Nfd7 15. Qh3 Qf6 16. Nc6 Ne5 17. Nxe5 dxe5 18. Be3 Bc8 19. Qg3 Nb7 20. Rad1 Nd6 21. h4 h6 22. b3 Ba6 23. a4 Nb7 24. d6 Bxd6 25. Nd5 Qe6 26. b4 axb4 27. Bb3 Na5 28. Nxc7 Qxb3 29. Rxd6 Qc3 30. Nxa8 Qxe1+ 31. Kh2 Rxa8 32. Bxh6 Kf8 33. Qxg7+ Ke7 34. Qf6+ Ke8 35. Qxe5# 1-0

[Event "Titled Tuesday intern op 26th Nov Late"]
[Site "Chess.com INT"]
[Date "2024.11.26"]
[Round "8"]
[White "Jegorovas, Aleksandras"]
[Black "Zampronha, Wladimir Camilo"]
[Result "1/2-1/2"]
[WhiteElo "2270"]
[BlackElo "2126"]
[PlyCount "148"]
[EventDate "2024.11.26"]
[EventType "swiss (blitz)"]
[EventRounds "11"]
[EventCountry "USA"]
[SourceTitle "CB49_2024"]
[SourceDate "2024.12.04"]
[SourceVersion "1"]
[SourceVersionDate "2024.12.04"]
[SourceQuality "1"]

1. d4 Nf6 2. Nf3 e6 3. g3 b5 4. Bg2 Bb7 5. 0-0 c5 6. c3 Be7 7. dxc5 Bxc5 8. Bg5 h6 9. Bxf6 Qxf6 10. a4 b4 11. cxb4 Bxb4 12. a5 0-0 13. Qb3 Na6 14. Nbd2 Bd5 15. Qa4 Bc6 16. Qb3 Rab8 17. Nc4 Bd5 18. Qd3 Nc5 19. Qc2 Rfc8 20. Ne3 Be4 21. Qd1 Qxb2 22. Nc4 Qc2 23. Nd6 Rc7 24. Qd4 Bc6 25. Rac1 Qxe2 26. Rxc5 Bxc5 27. Qxc5 Rb2 28. Nd4 Qa6 29. Bxc6 dxc6 30. Qe5 Rd7 31. Nxe6 fxe6 32. Qxe6+ Kh7 33. Qf5+ Kg8 34. Qxd7 Qxa5 35. Qxc6 Qd2 36. Qe8+ Kh7 37. Ne4 Qd4 38. h4 a5 39. h5 a4 40. Qg6+ Kg8 41. Rc1 Rb8 42. Qe6+ Kh8 43. Rc8+ Rxc8 44. Qxc8+ Kh7 45. Qf5+ Kh8 46. Qe6 a3 47. Nd6 Qd1+ 48. Kg2 Qd4 49. Qe8+ Kh7 50. Qg6+ Kh8 51. Nf5 Qe4+ 52. Kh2 Qe5 53. Qf7 a2 54. Qxa2 Qxf5 55. Qe2 Qg5 56. Kg2 Kh7 57. f4 Qc5 58. Qe4+ Kh8 59. Qe8+ Kh7 60. Qg6+ Kh8 61. Qe4 Qxh5 62. Qf3 Qxf3+ 63. Kxf3 Kg8 64. Ke4 Kf7 65. Kf5 g6+ 66. Ke5 Ke7 67. Kd5 Kf6 68. Ke4 Ke6 69. g4 h5 70. f5+ gxf5+ 71. gxf5+ Kf6 72. Kf4 h4 73. Kg4 h3 74. Kxh3 Kxf5 1/2-1/2

[Event "Titled Tuesday intern op 26th Nov Late"]
[Site "Chess.com INT"]
[Date "2024.11.26"]
[Round "6"]
[White "Kavutskiy, Konstantin"]
[Black "Jegorovas, Aleksandras"]
[Result "1-0"]
[WhiteElo "2342"]
[BlackElo "2270"]
[PlyCount "81"]
[EventDate "2024.11.26"]
[EventType "swiss (blitz)"]
[EventRounds "11"]
[EventCountry "USA"]
[SourceTitle "CB49_2024"]
[SourceDate "2024.12.04"]
[SourceVersion "1"]
[SourceVersionDate "2024.12.04"]
[SourceQuality "1"]

1. d4 e6 2. e4 d5 3. Nc3 Bb4 4. e5 c5 5. a3 Bxc3+ 6. bxc3 Qa5 7. Bd2 Qa4 8. Nf3 b6 9. h4 Ba6 10. Bd3 Ne7 11. h5 h6 12. 0-0 Nbc6 13. Be3 cxd4 14. cxd4 Bxd3 15. Qxd3 Na5 16. g4 Rc8 17. Rfc1 Qc4 18. Qd1 0-0 19. Kg2 Qa4 20. Nh4 Rc3 21. g5 hxg5 22. Bxg5 Nf5 23. Nxf5 exf5 24. h6 f6 25. hxg7 fxg5 26. gxf8Q+ Kxf8 27. Qd2 Nc6 28. Rh1 Qxd4 29. Qxg5 Qe4+ 30. Kg1 Ke8 31. Qg6+ Kd7 32. Rh7+ Ne7 33. Qd6+ Kc8 34. Qe6+ Kb7 35. Qxe7+ Ka6 36. Qxa7+ Kb5 37. a4+ Kc4 38. Rc7+ Kd4 39. Qxb6+ Kxe5 40. Rxc3 Qg4+ 41. Rg3 1-0

[Event "Titled Tuesday intern op 26th Nov Late"]
[Site "Chess.com INT"]
[Date "2024.11.26"]
[Round "3"]
[White "Manteiga, Franco"]
[Black "Jegorovas, Aleksandras"]
[Result "0-1"]
[WhiteElo "2013"]
[BlackElo "2270"]
[PlyCount "158"]
[EventDate "2024.11.26"]
[EventType "swiss (blitz)"]
[EventRounds "11"]
[EventCountry "USA"]
[SourceTitle "CB49_2024"]
[SourceDate "2024.12.04"]
[SourceVersion "1"]
[SourceVersionDate "2024.12.04"]
[SourceQuality "1"]

1. d4 e6 2. c4 Nf6 3. Nc3 Bb4 4. e3 0-0 5. Nge2 d5 6. a3 Be7 7. Nf4 c6 8. cxd5 exd5 9. Bd3 a5 10. 0-0 Na6 11. Qc2 Nc7 12. Rb1 Bd6 13. Nce2 Qe7 14. g3 Bd7 15. Bd2 b5 16. Rfc1 Ne6 17. Nxe6 Qxe6 18. Nc3 Qh3 19. Bf1 Qh5 20. Qd1 Bg4 21. Be2 Bxe2 22. Qxe2 Ng4 23. f3 Nf6 24. Qf2 Qg6 25. Ne2 Qd3 26. Nf4 Bxf4 27. gxf4 Rfc8 28. Rd1 Qb3 29. Kh1 b4 30. Rg1 g6 31. Qh4 Kg7 32. f5 Qc2 33. fxg6 hxg6 34. Rbd1 Rh8 35. Qg3 Rh5 36. axb4 axb4 37. Bxb4 Rah8 38. Rd2 Qf5 39. Bc3 Rh3 40. Qg2 Qxf3 41. Qxf3 Rxf3 42. Re2 Ne4 43. Rge1 Rfh3 44. Kg1 g5 45. Rg2 Kg6 46. Rf1 f5 47. Be1 g4 48. Bg3 Ng5 49. Bf4 Nf3+ 50. Rxf3 Rxf3 51. Rc2 Rhh3 52. Rxc6+ Kf7 53. Rc7+ Ke6 54. Rc6+ Ke7 55. Rc7+ Kd8 56. Rb7 Rxe3 57. Rb8+ Kd7 58. Rb7+ Ke6 59. Rb6+ Kf7 60. Rb7+ Kg6 61. Rb6+ Kf7 62. Rb7+ Re7 63. Rb6 Rf3 64. Be5 Ra7 65. Rf6+ Ke7 66. Rh6 Ra1+ 67. Kg2 Raf1 68. Rh7+ Ke6 69. Rh6+ Kd7 70. Rh7+ Kc6 71. Rh6+ Kb5 72. Rh7 Kc4 73. Rc7+ Kd3 74. Rc3+ Ke4 75. Rc2 Rd1 76. Re2+ Kd3 77. Rf2 Rd2 78. Rxd2+ Kxd2 79. b4 Rb3 0-1

[Event "Titled Tuesday intern op 03rd Sep Late"]
[Site "Chess.com INT"]
[Date "2024.09.03"]
[Round "10"]
[White "Jegorovas, Aleksandras"]
[Black "Dias, Simao Poscidonio"]
[Result "1/2-1/2"]
[WhiteElo "2270"]
[BlackElo "2102"]
[PlyCount "93"]
[EventDate "2024.09.03"]
[EventType "swiss (blitz)"]
[EventRounds "11"]
[EventCountry "USA"]
[SourceTitle "EXT 2025"]
[Source "ChessBase"]
[SourceDate "2024.10.14"]
[SourceVersion "1"]
[SourceVersionDate "2024.10.14"]
[SourceQuality "1"]

1. d4 Nf6 2. c4 e6 3. Nf3 b6 4. Nc3 Bb4 5. e3 0-0 6. Bd2 Bb7 7. Bd3 c5 8. 0-0 d5 9. cxd5 exd5 10. Ne5 cxd4 11. exd4 Nbd7 12. Bg5 h6 13. Bh4 Be7 14. Qf3 Nxe5 15. dxe5 Ne4 16. Bxe7 Qxe7 17. Nxe4 dxe4 18. Bxe4 Bxe4 19. Qxe4 Rfe8 20. Rfe1 Rad8 21. Qe3 Rd5 22. f4 Red8 23. Qb3 Rd2 24. Rad1 Qc5+ 25. Kh1 Qf2 26. Rg1 Qxf4 27. Rxd2 Rxd2 28. e6 fxe6 29. Qxe6+ Kh7 30. Qe7 Qf2 31. Qxa7 Rxb2 32. a4 h5 33. h3 h4 34. a5 bxa5 35. Qxa5 Ra2 36. Qh5+ Kg8 37. Qe8+ Kh7 38. Qe4+ Kg8 39. Rd1 Rd2 40. Qe8+ Kh7 41. Qh5+ Kg8 42. Rxd2 Qe1+ 43. Kh2 Qg3+ 44. Kg1 Qe1+ 45. Kh2 Qg3+ 46. Kg1 Qe1+ 47. Kh2 1/2-1/2

[Event "Titled Tuesday intern op 03rd Sep Late"]
[Site "Chess.com INT"]
[Date "2024.09.03"]
[Round "7"]
[White "Jegorovas, Aleksandras"]
[Black "Hernandez Bermudez, Ulises Eduardo"]
[Result "0-1"]
[WhiteElo "2270"]
[BlackElo "2042"]
[PlyCount "134"]
[EventDate "2024.09.03"]
[EventType "swiss (blitz)"]
[EventRounds "11"]
[EventCountry "USA"]
[SourceTitle "EXT 2025"]
[Source "ChessBase"]
[SourceDate "2024.10.14"]
[SourceVersion "1"]
[SourceVersionDate "2024.10.14"]
[SourceQuality "1"]

1. d4 Nf6 2. Nf3 g6 3. c4 Bg7 4. e3 d6 5. Be2 0-0 6. Nc3 c6 7. b4 Nbd7 8. Qb3 e5 9. Bb2 e4 10. Nd2 Re8 11. a4 Nf8 12. h3 d5 13. b5 Be6 14. c5 Rb8 15. Qc2 N6d7 16. a5 f5 17. a6 cxb5 18. axb7 Qc7 19. Nxb5 Qxb7 20. Rxa7 Qc6 21. Nd6 Red8 22. Ra6 Rb6 23. Rxb6 Nxb6 24. Qb3 Rb8 25. Qb5 Qxb5 26. Nxb5 Na4 27. Ba1 Nxc5 28. 0-0 Nd3 29. Nc7 Bf7 30. Rb1 Rxb1+ 31. Nxb1 Nb4 32. Nc3 Nc2 33. Bb2 Ne6 34. N7xd5 Nexd4 35. exd4 Nxd4 36. Bc4 Nc2 37. Ne3 Nxe3 38. fxe3 Bxc4 39. Nd1 Bd3 40. Bxg7 Kxg7 41. Kf2 Kf6 42. Kg3 Ke6 43. Nf2 Bc2 44. h4 h6 45. Nh3 Kf6 46. Nf4 Bb3 47. Ne2 g5 48. hxg5+ hxg5 49. Nd4 Bc4 50. Nc2 Bb5 51. Nd4 Bd7 52. Ne2 Ke5 53. Kf2 Bb5 54. Nd4 Ba4 55. Ne2 f4 56. exf4+ gxf4 57. Nc3 Bc6 58. g3 e3+ 59. Ke2 Kd4 60. gxf4 Kxc3 61. Ke1 Kd3 62. f5 Bd7 63. f6 Be6 64. Kd1 Bf7 65. Ke1 Bh5 66. Kf1 Kd2 67. f7 Bxf7 0-1

[Event "Titled Tuesday intern op 03rd Sep Late"]
[Site "Chess.com INT"]
[Date "2024.09.03"]
[Round "5"]
[White "Rogov, Matfey"]
[Black "Jegorovas, Aleksandras"]
[Result "1-0"]
[WhiteElo "2188"]
[BlackElo "2270"]
[PlyCount "153"]
[EventDate "2024.09.03"]
[EventType "swiss (blitz)"]
[EventRounds "11"]
[EventCountry "USA"]
[SourceTitle "EXT 2025"]
[Source "ChessBase"]
[SourceDate "2024.10.14"]
[SourceVersion "1"]
[SourceVersionDate "2024.10.14"]
[SourceQuality "1"]

1. e4 e6 2. d4 d5 3. Bd3 c5 4. c3 cxd4 5. cxd4 dxe4 6. Bxe4 Nf6 7. Bc2 Nc6 8. Nf3 Bb4+ 9. Nc3 0-0 10. 0-0 b6 11. Bg5 Bb7 12. Qd3 g6 13. d5 exd5 14. Nxd5 Qxd5 15. Bxf6 Qxd3 16. Bxd3 Be7 17. Bc3 Rad8 18. Be4 f5 19. Bc2 Bf6 20. Bb3+ Kg7 21. Rac1 Bxc3 22. Rxc3 Rc8 23. Ng5 Nd4 24. Rd3 Nxb3 25. Rd7+ Kg8 26. Rxb7 Nd2 27. Rd1 Ne4 28. Nxh7 Rf7 29. Rxf7 Kxf7 30. f3 Nf6 31. Ng5+ Ke7 32. Rd2 Rc1+ 33. Kf2 Nd7 34. h4 Ra1 35. b4 a5 36. bxa5 bxa5 37. g4 fxg4 38. fxg4 Ne5 39. Re2 Kd6 40. Ne4+ Kd5 41. Nc3+ Kd4 42. Nb5+ Kd5 43. g5 Nd3+ 44. Ke3 Nb4 45. h5 gxh5 46. Kf4 Rf1+ 47. Kg3 Rg1+ 48. Kh4 Nd3 49. Rd2 Ke4 50. Kxh5 Nf4+ 51. Kh6 Rh1+ 52. Kg7 Kf5 53. g6 Nxg6 54. Nd4+ Ke4 55. Kxg6 Rg1+ 56. Kf6 Ra1 57. Ke6 Ke3 58. Nb3 Re1 59. Rd5 a4 60. Re5+ Kf2 61. Nc5 Ra1 62. Rf5+ Ke2 63. Rh5 Kd2 64. Rh2+ Kc3 65. Nxa4+ Kb4 66. Nb6 Ka3 67. Nc4+ Kb4 68. Ne5 Ka3 69. Nc4+ Kb4 70. Nb2 Ka3 71. Nd3 Rxa2 72. Rh3 Rd2 73. Kd5 Kb3 74. Kd4 Rd1 75. Rh6 Kc2 76. Rb6 Kd2 77. Rb2# 1-0